Responses for show #5277 - Tuesday, July 17, 2007

2007 Teen Tournament Summer Games quarterfinal game 2.

Contestants

[<< previous game]

Aiden Pink, a freshman from St. Louis Park, Minnesota

Ben Noe, a sophomore from Flushing, Michigan

Amy Levine, a freshman from North Potomac, Maryland

[next game >>]

Jeopardy! Round responses

CLASSIC LIT
THAT'S COMEDY
NAME THE CENTURY
GETTING TESTY
PROMENADE DATES
"ALT"ERNATIVE
    $200 1
Fauntleroy

Aiden
    $200 2
Norbit

Aiden
    $200 11
the 15th century

Aiden
    $200 7
the bar exam

Ben
    $200 26
Washington, D.C.

Ben
    $200 25
an alternating current

Ben
    $400 17
A Wrinkle in Time

Aiden
    $400 3
improvisation

Ben
    $400 12
the 17th century

Aiden
    $400 8
(Ben: What is social studies?)
(Amy: What is writing?)

mathematics

AmyBenAiden
    $400 30
George Lucas

Aiden
    $400 24
an altar boy

Ben
    $2,000 18
Peter Pan

Aiden
    $600 4
Crank Yankers

Aiden
    $600 13
the 19th century

Aiden
    $600 9
Mensa

Ben
    $600 27
(Amy: Who are the Redcoats?)

Queen Elizabeth II

AmyAiden
    $600 23
an altercation

Ben
    $800 19
Hear My Cry

Amy
    $800 5
Cedric the Entertainer

Ben
    $800 14
the 20th century

Ben
    $800 10
a Rorschach test

Aiden
    $800 28
Moscow

Ben
    $800 22
an alter ego

Aiden
    $1000 20
Scott O'Dell

Triple Stumper
    $1000 6
Epic Movie

Ben
    $1000 16
the 13th century

Aiden
    $1000 15
1787

Aiden
    $1000 29
1945

Aiden
    $1000 21
altruism

Amy

Scores at the first commercial break (after clue 13):

Amy Ben Aiden
-$400 $2,600 $3,400

Scores at the end of the Jeopardy! Round:

Amy Ben Aiden
$800 $5,600 $10,600

Double Jeopardy! Round responses

HISTORIC LONDON
SPORTS TEENS
FLORA
MUSICAL INSTRUMENTS
U.S. SENATORS
ADJECTIVES
    $400 25
Henry VIII

Amy
    $400 10
Tiger Woods

Aiden
    $400 27
poinsettia

Ben
    $400 18
a banjo

Ben
    $400 3
Hillary Clinton

Aiden
    $400 1
amazing

Amy
    $800 24
a palace

Aiden
    $800 11
Wayne Gretzky

Aiden
    $800 28
a pine

Amy
    $800 20
a ukulele

Ben
    $800 4
John McCain

Ben
    $800 2
fluent

Ben
    $1200 15
Karl Marx

Aiden
    $1200 12
Michelle Kwan

Amy
    $1200 26
(Alex: [*], [pause] is correct.)
[Audience laughs]
(Aiden: Okay.)

locoweed

Aiden
    $1200 8
(Ben: What is 5?)

4

BenAiden
    $1200 5
Harry Reid

Aiden
    $5,000 21
(Ben: What is gigantic?)
(Alex: No, you had to think of trembling and you would wind up with, hopefully, [*].)

tremendous

Ben
    $1600 13
Wellington

Ben
    $1600 16
Shaun White

Aiden
    $1600 29
peat

Amy
    $1600 7
an organ

Amy
    $1600 6
(Joe) Lieberman

Amy
    $1600 22
deciduous

Ben
    $3,000 14
the Wars of the Roses

Ben
    $2000 17
(Alex: We bid you adieu, yes.)

Freddy Adu

Aiden
    $2000 30
the magnolia

Triple Stumper
    $2000 19
piano

Amy
    $2000 9
Maine

Aiden
    $2000 23
eerie

Triple Stumper

Scores at the end of the Double Jeopardy! Round:

Amy Ben Aiden
$10,400 $8,800 $23,400
(lock game)

Final Jeopardy! Round responses

19th CENTURY AMERICA
BenWhat is The Pledge of Allegiance?
$8,600
AmyWhat is Ame America The [illegible]
$9,600
AidenWhat is the pledge of [something crossed out] allegiance
$613
the Pledge of Allegiance

Final scores:

Amy Ben Aiden
$800 $17,400 $24,013
3rd place: $5,000 if eliminated 2nd place: $5,000 if eliminated Automatic semifinalist

Game dynamics:

Coryat scores:

Amy Ben Aiden
$10,400 $12,800 $22,000
10 R,
2 W
19 R
(including 1 DD),
3 W
(including 1 DD)
27 R
(including 1 DD),
0 W

Combined Coryat: $45,200

The J! Archive is created by fans, for fans. The Jeopardy! game show and all elements thereof, including but not limited to copyright and trademark thereto, are the property of Jeopardy Productions, Inc. and are protected under law. This website is not affiliated with, sponsored by, or operated by Jeopardy Productions, Inc. Join the discussion at JBoard.tv.